| 000 | 00893nam a22002417a 4500 | ||
|---|---|---|---|
| 003 | OSt | ||
| 005 | 20150408114218.0 | ||
| 008 | 140517s2012 enkd f b 001 0 eng d | ||
| 020 | _a9780077126407 | ||
| 020 | _a0077126408 | ||
| 040 | _aMa-Un | ||
| 082 | 0 | 4 |
_222 _a300.721 _bDOS |
| 245 | 0 | 0 |
_aDoing social research : _bA global context / _cedited by Claire Wagner, Barbara B. Kawulich and Mark Garner. |
| 260 |
_aMaidenhead, Berkshire : _bMcGraw-Hill Higher Education, _c2012. |
||
| 300 |
_axiii, 294 p. : _bcharts ; _c27 cm. |
||
| 504 | _aIncludes bibliographical references (pages [276]-287) and index. | ||
| 650 |
_aSocial sciences _xResearch _xMethodology _919158 |
||
| 650 |
_aSocial sciences _xResearch _zSouth Africa _945301 |
||
| 700 | 1 |
_aWagner, Claire, _eeditor. _945302 |
|
| 700 | 1 |
_aKawulich, Barbara, _eeditor. _945303 |
|
| 700 | 1 |
_aGarner, Mark, _eeditor. _945304 |
|
| 942 |
_2ddc _cBOOK |
||
| 999 |
_c35150 _d269650 |
||